El entrenamiento autógeno (Record no. 140177)

MARC details
000 -LEADER
campo de control de longitud fija 00797nam a2200205 4500
001 - NÚMERO DE CONTROL
campo de control 140177
003 - IDENTIFICADOR DE NÚMERO DE CONTROL
campo de control ES-MaACL
005 - FECHA Y HORA DE LA ÚLTIMA TRANSACCIÓN
campo de control 20230906200027.0
007 - CAMPO FIJO DE DESCRIPCIÓN FÍSICA--INFORMACIÓN GENERAL
campo de control de longitud fija t|
008 - DATOS DE LONGITUD FIJA--INFORMACIÓN GENERAL
campo de control de longitud fija 070214s1962 sp r ||||1| spa d
100 1# - ENTRADA PRINCIPAL--NOMBRE DE PERSONA
Nombre de persona Schultz, J. H.
9 (RLIN) 104775
245 13 - MENCIÓN DEL TÍTULO
Título El entrenamiento autógeno
Resto del título : (autorrelajación concentrativa) : exposición clínico-práctica /
Mención de responsabilidad, etc. J. H. Schultz ; versión española de Enrique Low-Maus, Domingo Saumench Gimeno, Tomás Amat Puértolas.
250 ## - MENCION DE EDICION
Mención de edición 2ª ed. española mejorada y completada.
260 ## - PUBLICACIÓN, DISTRIBUCIÓN, ETC.
Lugar de publicación, distribución, etc. Barcelona :
Nombre del editor, distribuidor, etc. Científico Médica,
Fecha de publicación, distribución, etc. 1962.
300 ## - DESCRIPCIÓN FÍSICA
Extensión 345 p. :
Otras características físicas il. ;
Dimensiones 25 cm.
700 1# - ENTRADA AGREGADA--NOMBRE PERSONAL
Nombre de persona Low-Maus, Enrique.
9 (RLIN) 74370
700 1# - ENTRADA AGREGADA--NOMBRE PERSONAL
Nombre de persona Saumench Gimeno, Domingo.
9 (RLIN) 103980
700 1# - ENTRADA AGREGADA--NOMBRE PERSONAL
Nombre de persona Amat Puértolas, Tomás.
9 (RLIN) 21144
852 ## - LOCALIZACIÓN
Ubicación ES-MaACL
Número de control de estantería C-21513
Sublocalización o colección R.49982
Holdings
Estatus retirado Estado de pérdida Estado de daño No para préstamo Biblioteca de origen Biblioteca actual Ubicación en estantería Fecha de adquisición Fuente de adquisición Total de préstamos Signatura topográfica completa Código de barras Visto por última vez Precio de reemplazo Tipo de ítem Koha
        Biblioteca del Ateneo de Madrid Biblioteca del Ateneo de Madrid Galería 17/01/2008     C-21513 1145873 23/02/2023 23/02/2023 Libro impreso